Body parts in French - Statistics

General Stats
  • This quiz has been taken 63 times
  • The average score is 17 of 27
Answers on the Map
Answers color-coded by a green-red scale on the quiz's map according to % correct below.
 
Answer Stats
English French % Correct
Hand Main
93%
Hand Main
93%
Head Tête
90%
Nose Nez
88%
Mouth Bouche
83%
Eye Oeil
83%
Eye Oeil
83%
Foot Pied
80%
Foot Pied
80%
Arm Bras
78%
Arm Bras
78%
Hair Cheveux
76%
Ear Oreille
73%
Ear Oreille
73%
Neck Cou
68%
Shoulder Epaule
54%
Shoulder Epaule
54%
Knee Genou
54%
Knee Genou
54%
Belly Ventre
41%
Elbow Coude
39%
Elbow Coude
39%
Thigh Cuisse
32%
Thigh Cuisse
32%
Calf Mollet
22%
Calf Mollet
22%
Chest Torse
20%
No matching quizzes found
Score Distribution
Percent of People with Each Score
Percentile by Number Answered
Your Score History
You have not taken this quiz